Dialeg entre cristians i no cristians / (Record no. 91092)

MARC details
000 -LEADER
campo de control de longitud fija 00645nam a2200217 i 4500
001 - NÚMERO DE CONTROL
campo de control 91092
003 - IDENTIFICADOR DE NÚMERO DE CONTROL
campo de control ES-MaACL
005 - FECHA Y HORA DE LA ÚLTIMA TRANSACCIÓN
campo de control 20230906180633.0
007 - CAMPO FIJO DE DESCRIPCIÓN FÍSICA--INFORMACIÓN GENERAL
campo de control de longitud fija t|
008 - DATOS DE LONGITUD FIJA--INFORMACIÓN GENERAL
campo de control de longitud fija 050127s1964 sp ||||1| cat d
100 1# - ENTRADA PRINCIPAL--NOMBRE DE PERSONA
Nombre de persona Leonard, A.
9 (RLIN) 71660
245 10 - MENCIÓN DEL TÍTULO
Título Dialeg entre cristians i no cristians /
Mención de responsabilidad, etc. A. Leonard ; traductor Emili Bou.
250 ## - MENCION DE EDICION
Mención de edición [1ª ed.].
260 ## - PUBLICACIÓN, DISTRIBUCIÓN, ETC.
Lugar de publicación, distribución, etc. Barcelona :
Nombre del editor, distribuidor, etc. Estela,
Fecha de publicación, distribución, etc. [1964]
300 ## - DESCRIPCIÓN FÍSICA
Extensión 77 p. ;
Dimensiones 20 cm.
490 1# - MENCIÓN DE SERIE
Mención de serie Biblioteca tecnológica del seglar
700 1# - ENTRADA AGREGADA--NOMBRE PERSONAL
Nombre de persona Bou, Emili.
9 (RLIN) 30814
830 0# - PUNTO DE ACCESO ADICIONAL DE SERIE-TÍTULO UNIFORME
Título uniforme Biblioteca tecnológica del seglar
9 (RLIN) 231966
852 ## - LOCALIZACIÓN
Ubicación ES-MaACL
Número de control de estantería C-25442
Sublocalización o colección R.53862
Holdings
Estatus retirado Estado de pérdida Estado de daño No para préstamo Biblioteca de origen Biblioteca actual Ubicación en estantería Fecha de adquisición Fuente de adquisición Total de préstamos Signatura topográfica completa Código de barras Visto por última vez Precio de reemplazo Tipo de ítem Koha
        Biblioteca del Ateneo de Madrid Biblioteca del Ateneo de Madrid Depósito 2 17/01/2008     C-25442 1095106 23/02/2023 23/02/2023 Libro impreso